<?xml version="1.0" encoding="UTF-8"?><?xml-stylesheet type="text/xsl" href="static/style.xsl"?><OAI-PMH xmlns="http://www.openarchives.org/OAI/2.0/" xmlns:xsi="http://www.w3.org/2001/XMLSchema-instance" xsi:schemaLocation="http://www.openarchives.org/OAI/2.0/ http://www.openarchives.org/OAI/2.0/OAI-PMH.xsd"><responseDate>2026-04-17T03:12:11Z</responseDate><request verb="GetRecord" identifier="oai:www.recercat.cat:2117/77775" metadataPrefix="marc">https://recercat.cat/oai/request</request><GetRecord><record><header><identifier>oai:recercat.cat:2117/77775</identifier><datestamp>2025-07-22T22:29:18Z</datestamp><setSpec>com_2072_1033</setSpec><setSpec>col_2072_452951</setSpec></header><metadata><record xmlns="http://www.loc.gov/MARC21/slim" xmlns:dcterms="http://purl.org/dc/terms/" xmlns:xsi="http://www.w3.org/2001/XMLSchema-instance" xmlns:doc="http://www.lyncode.com/xoai" xsi:schemaLocation="http://www.loc.gov/MARC21/slim http://www.loc.gov/standards/marcxml/schema/MARC21slim.xsd">
   <leader>00925njm 22002777a 4500</leader>
   <datafield ind2=" " ind1=" " tag="042">
      <subfield code="a">dc</subfield>
   </datafield>
   <datafield ind2=" " ind1=" " tag="720">
      <subfield code="a">Rojas Lombarte, Joan</subfield>
      <subfield code="e">author</subfield>
   </datafield>
   <datafield ind2=" " ind1=" " tag="260">
      <subfield code="c">2014</subfield>
   </datafield>
   <datafield ind2=" " ind1=" " tag="520">
      <subfield code="a">This study focuses on the analysis of an ARF-MikroKopter OktoXL drone manufactured by MikroKopter. This internship is part of the SIERA project, co-supervised by the Automatic Control Department of CentraleSupélec in cooperation with the SONDRA Laboratory.&#xd;
The goal of the SIERA project is to use the drone to obtain radar images of a certain ground. To do so, an accurate control of the attitude, and most importantly, speed, is needed. The drone study was initiated in 2014 with the CEI team focusing on a simplified model of the drone. In 2015, two CEI groups continued to work on the project, achieving the following points:&#xd;
· developing a complete model of the drone implemented via a simulator in MATLAB/Simulink;&#xd;
· developing some control laws tested on the proposed models;&#xd;
· developing a model for the air drag;&#xd;
· reviewing the source-code used by Mikrokopter in the ARF processor.&#xd;
The aim of this bachelor thesis is to provide a better understanding of the source-code that can help future CEI implement the different control laws. Prior to that, though, the model has to be validated. In this internship, some guidance and tools are proposed to work towards this validation.&#xd;
In a first instance, the hardware composing the Oktokopter is reviewed in Chapter III. Then the source-code provided on the SVN repository is further studied in Chapter IV, with a focus on the measurements and the FlightCtrl module. In Chapter V, the communication between the FlightCtrl and the BLCtrl is analyzed, which could help model validation and further understanding of the units and gains of the signals involved in the control process.. Additionally, appendix 5 reviews the tests performed by the CEI groups and during this internship to tune the air drag model developed by CEI 2.</subfield>
   </datafield>
   <datafield tag="653" ind2=" " ind1=" ">
      <subfield code="a">Àrees temàtiques de la UPC::Informàtica::Automàtica i control</subfield>
   </datafield>
   <datafield tag="653" ind2=" " ind1=" ">
      <subfield code="a">Àrees temàtiques de la UPC::Aeronàutica i espai::Mecànica de vol</subfield>
   </datafield>
   <datafield tag="653" ind2=" " ind1=" ">
      <subfield code="a">Drone aircraft -- Control systems</subfield>
   </datafield>
   <datafield tag="653" ind2=" " ind1=" ">
      <subfield code="a">Avions no tripulats – Sistemes de control</subfield>
   </datafield>
   <datafield ind2="0" ind1="0" tag="245">
      <subfield code="a">Further analysis of a multi-rotor drone for radar applications</subfield>
   </datafield>
</record></metadata></record></GetRecord></OAI-PMH>